000 00969nas a2200289 4500
001 BR8300638
003 BR-BrBNA
005 20231205085429.0
007 ta
008 230509b bl.|||p| |||| 00| 00por d
040 _aBR-BrBNA
_bpor
_cBiblioteca Nacional de Agricultura
041 _a(Pt)
072 _aL36
100 1 _aTosi, H.
100 1 _aBonassi, I.A.
100 1 _aSilveira, A.C.
100 1 _aFaria, V.P. de
245 1 _aAvaliacao quimica de silagens de capim-elefante cultivar Taiwan A-148 [Pennisetum purpureum, milho, Zea mays]
246 1 _aChemical evaluation of elephant grass silages cultivar Taiwan A-148 [Pennisetum purpureum, maize, Zea mays]
650 _aCAPIM ELEFANTE
650 _aMILHO
650 _aSILAGEM
650 _aANALISE QUIMICA
773 0 _tPesquisa Agropecuaria Brasileira (Brazil)
_xISSN 0100-204X
_g(Jan 1983), v. 18(1) p. 67-72
_wBR8300638
909 _a202311
_bLúcia
_c55
_dLúcia Elande
942 _2AGRIS
_n0
_cANA
999 _c111398
_d111398